Bharatbarshar parichay/ (Record no. 11913)

MARC details
000 -LEADER
fixed length control field 00571nam a22002057a 4500
005 - DATE AND TIME OF LATEST TRANSACTION
control field 20260515115035.0
008 - FIXED-LENGTH DATA ELEMENTS--GENERAL INFORMATION
fixed length control field 240905b |||||||| |||| 00| 0 eng d
020 ## - INTERNATIONAL STANDARD BOOK NUMBER
International Standard Book Number 9789358490299
040 ## - CATALOGING SOURCE
Original cataloging agency IN-DiNC
Transcribing agency IN-DiNC
041 ## - LANGUAGE CODE
Language code of sung or spoken text asm
082 ## - DEWEY DECIMAL CLASSIFICATION NUMBER
Classification number 954
Item number HUS
100 ## - MAIN ENTRY--PERSONAL NAME
Personal name Hussain, Tachadduk Amanul
Relator term author
245 ## - TITLE STATEMENT
Title Bharatbarshar parichay/
Statement of responsibility, etc. by Tachadduk Amanul Hussain and Jitu Koiri
250 ## - EDITION STATEMENT
Edition statement 5th rev. ed.
260 ## - PUBLICATION, DISTRIBUTION, ETC.
Place of publication, distribution, etc. Dibrugarh:
Name of publisher, distributor, etc. Banalata,
Date of publication, distribution, etc. 2024.
300 ## - PHYSICAL DESCRIPTION
Extent 178p.
650 ## - SUBJECT ADDED ENTRY--TOPICAL TERM
Topical term or geographic name entry element Understanding India
700 ## - ADDED ENTRY--PERSONAL NAME
Personal name Koiri, Jitu
Relator term author
942 ## - ADDED ENTRY ELEMENTS (KOHA)
Source of classification or shelving scheme Dewey Decimal Classification
Koha item type Books
Holdings
Withdrawn status Lost status Source of classification or shelving scheme Damaged status Not for loan Collection Home library Current library Shelving location Date acquired Cost, normal purchase price Total checkouts Full call number Barcode Date last seen Date last checked out Copy number Price effective from Koha item type
    Dewey Decimal Classification       Naharkatiya College Library Naharkatiya College Library General stacks 09/05/2024 90.00 4 954 HUS 30039 09/11/2025 08/30/2025 1 09/05/2024 Books
    Dewey Decimal Classification       Naharkatiya College Library Naharkatiya College Library General stacks 09/05/2024 90.00 4 954 HUS 30040 09/25/2025 09/19/2025 2 09/05/2024 Books
    Dewey Decimal Classification       Naharkatiya College Library Naharkatiya College Library General stacks 09/05/2024 90.00 5 954 HUS 30041 11/13/2025 10/27/2025 3 09/05/2024 Books
    Dewey Decimal Classification       Naharkatiya College Library Naharkatiya College Library General stacks 09/05/2024 90.00 3 954 HUS 30042 11/12/2025 10/23/2025 4 09/05/2024 Books
    Dewey Decimal Classification       Naharkatiya College Library Naharkatiya College Library General stacks 09/05/2024 90.00 3 954 HUS 30043 11/22/2025 10/10/2025 5 09/05/2024 Books